000 01025 a2200217 4500
005 20080904110512.0
008 080904t xxu||||| |||| 00| 0 hin d
010 _aHIN-78974
020 _a8180970760
_c150.00
035 _aHN-51321
037 _bD.B.Act / pub
082 _a363.7
100 _aमिश्र, शिवगोपाल
245 _aपर्यावरण अध्ययन
_cशिवगोपाल मिश्र
246 _aParyavaran Adhyayan
_bShivgopal Misea
260 _aइलाहाबाद
_bसाहित्य संगम
_c2006
270 _aनया-100, लूकरगंज
_bइलाहाबाद
300 _a256पृ
_c22 सेमी (अजिल्द)
942 _adpl
_cHN
_k363.7 / मिश्रशि
_2ddc
_h363.7
_m मिश्रशि
999 _c1082
_d1082